Ruotsi - Adjektiivit - Statistics

Yleistilastot
  • Tätä visaa on pelattu 74 kertaa
  • Keskiarvotulos 16 / 40
Vastaustilastot
Hint Vastaus % Oikein
iso stor
97%
pieni liten
82%
vanha gammal
79%
hyvä bra
77%
korkea hög
77%
kaunis vacker
77%
ruma ful
76%
huono dålig
71%
nuori ung
69%
kevyt lätt
63%
helppo lätt
63%
väsynyt trött
61%
kova hård
60%
täydellinen perfekt
53%
täysi full
52%
vaikea svår
52%
nopea snabb
45%
onnellinen lycklig
44%
pehmeä mjuk
40%
syvä djup
37%
erilainen olik
37%
mukava trevlig
37%
painava tung
37%
samanlainen lika
35%
tylsä tråkig
34%
likainen smutsig
27%
puhdas ren
26%
hidas långsam
23%
tyhjä tom
23%
kuiva torr
21%
ilkeä elak
18%
värikäs färggrann
16%
märkä var
6%
matala grund
2%
rikkinäinen söndrig
2%
avoin ledig
0%
löysä löslig
0%
suljettu lyckt
0%
makea schysst
0%
tiukka sträng
0%
Ehtoja vastaavia visoja ei löytynyt
Tulosjakauma
Jokaisen tuloksen saaneiden osuus
Persentiili vastausten määrän mukaan
Tuloshistoriasi
Et ole pelannut tätä visaa